00357 a2200145 4500003000400000005001700004008004100021020001800062040000900080082001900089100002000108245003600128260003900164300000800203OSt20231220142747.0231220b |||||||| |||| 00| 0 eng d a9789355186034 coclc a891.432bVER/A aVerma, Surendra aAATHAVAN SARG /cSurendra Verma aNew Delhi:bVani Prakashan,c2022. a72p